| 000 | 01551nam0a2200349 4500 | ||
|---|---|---|---|
| 001 | RU\NLR\bibl\58940 | ||
| 005 | 20260406161504.0 | ||
| 010 |
_a5-89009-074-7 _950 |
||
| 021 |
_aRU _b98-47811 _92305 |
||
| 035 | _a(NLR Aleph) 000057488 | ||
| 090 |
_a311502 _c311502 |
||
| 100 | _a19991116d1998 |||y0rusy50 ca | ||
| 101 | 0 | _arus | |
| 102 | _aRU | ||
| 105 | _aa ||||||||| | ||
| 200 | 1 |
_aРеформы Петра I: истоки и последствия _eУчеб. пособие _fН.В.Голиженко _gМ-во общ. и проф. образования Рос. Федерации, Норил. индустр. ин-т |
|
| 210 |
_aНорильск _cНорил. индустр. ин-т _d1998 |
||
| 215 |
_a80 с. _cил. _d20 |
||
| 320 | _aБиблиогр.: с.79 (13 назв.) | ||
| 606 | 0 |
_aРеформы Петра I _jРуководства, пособия и т.п. для высшей школы _91850856 _3RU\NLR\auth\66838704 |
|
| 606 | 0 |
_aРеформы Петра I _jУчебные издания для высшей школы _91850856 _3RU\NLR\auth\66838704 |
|
| 686 | _aТ3(2)462-03я73 | ||
| 700 | 1 |
_aГолиженко _bН. В. _gНаталья Владимировна _4070 |
|
| 702 | 0 |
_4570 _7ca _8rus _aПетр _cимператор российский _dI _f1672-1725 _9118743 _3RU\NLR\AUTH\778862 |
|
| 801 | 0 |
_aRU _bNLR _c19991116 _gPSBO |
|
| 801 | 1 |
_aRU _bNLR _c19991116 |
|
| 830 | _aАвт. раскрыт по кн. | ||
| 852 |
_aNLR _j99-4/8805 |
||
| 942 | _cBOOK | ||
| 980 | _aNB | ||